Vista normal
Vista MARC
Entrada Nombre corporativo
Número de registros utilizados en: 8
001 - NÚMERO DE CONTROL
- Campo de control: 5481
003 - IDENTIFICADOR DE NÚMERO DE CONTROL
- Campo de control: ES-MaCES
005 - FECHA Y HORA DE LA ULTIMA MODIFICACION
- Campo de control: 20060731103600.0
008 - ELEMENTOS DE DATOS DE LONGITUD FIJA
- Campo de longitud fija: 981124 | azznnaabn |n ana d
035 ## - NÚMERO DE CONTROL DEL SISTEMA
- Número de control del sistema: CES19980029810e
040 ## - FUENTE DE LA CATALOGACIÓN
- Agencia original de catalogación: ES-MaCES
- Idioma de catalogación: spa
- Agencia de transcripción: ES-MaCES
110 2# - ENCABEZAMIENTO--NOMBRE CORPORATIVO
- Nombre corporativo o de jurisdicción como elemento de entrada: World Economic Forum
670 ## - FUENTE DE DATOS ENCONTRADOS
- Fuente de citación: British Library
901 ## - CES. DATOS SIRTEX
- ID Sirtex (N5N8): 0001800002981
- 005BIS Sirtex: 199811241259MIG

